[Event "Sheikh Russel GM 2021"]
[Site "Dhaka"]
[Date "2021.10.23"]
[Round "5.12"]
[White "Karpatchev, Aleksandr"]
[Black "Deepan Chakkravarthy J."]
[Result "1-0"]
[WhiteElo "2427"]
[BlackElo "2535"]
[Annotator "TA"]
[PlyCount "85"]
[EventDate "2021.10.19"]
[EventType "swiss"]
[EventCountry "BAN"]
[SourceTitle "playchess.com"]
[Source "ChessBase"]
[SourceQuality "1"]

{[%evp 12,85,58,57,56,44,53,51,61,37,47,52,115,73,96,75,66,-8,-22,-57,-41,-69,0,-42,-22,-12,-23,-26,0,0,0,-26,149,-48,76,96,105,79,94,70,177,129,116,48,55,0,39,0,0,0,0,0,0,-102,25,25,100,106,285,257,613,729,722,711,694,692,810,778,710,542,585,486,5206,1654,29996,29997]} 1. e4 d6 2. d4 g6 3. Nc3 Bg7 4. f4 a6 5. Nf3 b5 6. Bd3 Nd7 7. e5 Bb7 {B06: Modern Defence.} 8. a4 b4 9. Ne4 Nh6 {White is slightly better.} 10. O-O O-O 11. Qe2 {[#]} e6 $146 (11... c5 $14) ({Predecessor:} 11... a5 12. c3 bxc3 13. bxc3 Nb6 14. Bd2 Qd7 15. Bb5 Qc8 16. Rab1 Nf5 17. Neg5 f6 {1-0 (71) Bocanegra Moreno,R (2450)-Alonso Gonzalez,C (2515) ICCF email 2009}) 12. a5 (12. exd6 $6 cxd6 13. Nxd6 Bxf3 $11) 12... Nf5 13. Bd2 c5 14. dxc5 ({Much worse is} 14. exd6 Bxd4+ 15. Nxd4 Nxd4 $11) (14. g4 $14 dxe5 15. dxe5 (15. gxf5 exf5 16. dxe5 fxe4 $14)) 14... dxe5 $11 15. Bxb4 exf4 16. c3 Re8 (16... Ne3 $15) 17. Rfd1 Qc7 18. Nd6 Nxd6 19. cxd6 Qc6 20. Bc2 e5 21. Bb3 h6 $2 {[#]} (21... Bf6 $11) 22. Bd5 $2 (22. Nh4 $1 $16) 22... Qxd5 (22... Qc8 $15 {keeps the upper hand.}) 23. Rxd5 $16 Bxd5 24. c4 Bb7 25. Bc3 Rac8 (25... e4 $14 26. Nd4 Rac8) 26. Rd1 e4 27. Ne1 (27. Nd4 $16) 27... Bxc3 $1 $14 28. bxc3 Re6 29. Nc2 f3 30. Qe3 {Black must now prevent Qa7.} Rxc4 31. Qa7 Bc6 32. Qe3 (32. gxf3 $11 {remains equal.} exf3 33. Qxa6 Rxc3 34. Nb4) 32... fxg2 ({Black should play} 32... Ne5 $17 {...Ng4 is the strong threat.} 33. Nd4 Rxd6 34. gxf3 Nxf3+ 35. Kg2 h5) 33. Nb4 $11 Bb5 {[#]} (33... Rc5 $11 {keeps the balance.}) 34. Nd5 $1 $36 {[%mdl 2048] White is in control.} ({Reject} 34. Kxg2 $6 Kg7 $11) 34... Kg7 {This move loses the game for Black.} (34... Ba4 $16 {was worth a try.} 35. Rb1 Rc5) 35. Nb6 $18 Rc6 (35... Re5 36. Nxc4 Bxc4) 36. Nxd7 Rcxd6 37. Rxd6 Rxd6 38. Ne5 Bf1 39. Qxe4 Rd1 40. Qc2 Ra1 {aiming for ...Bd3+.} 41. Qf2 f5 (41... Bc4+ $142 42. Kxg2 Ra2) 42. Qd4 (42. Qc5 $142 Be2+ 43. Kxg2 Bf1+ 44. Kf3) 42... g5 43. Qd7+ {[%mdl 64] Double Attack.  Weighted Error Value: White=0.36/Black=0.72} 1-0

[Event "Sheikh Russel GM 2021"]
[Site "Dhaka"]
[Date "2021.10.23"]
[Round "5.13"]
[White "Sammed Jaykumar, Shete"]
[Black "Visakh N R"]
[Result "0-1"]
[WhiteElo "2413"]
[BlackElo "2515"]
[Annotator "ChessBase"]
[PlyCount "78"]
[EventDate "2021.10.19"]
[EventType "swiss"]
[EventCountry "BAN"]
[SourceTitle "playchess.com"]
[Source "ChessBase"]
[SourceQuality "1"]
[TimeControl "40/5400+30:1800+30"]

1. e4 {[%emt 0:00:03]} e5 {[%emt 0:00:08]} 2. Nf3 {[%emt 0:00:06]} Nc6 {[%emt 0:00:05]} 3. Bb5 {[%emt 0:00:05]} a6 {[%emt 0:00:08]} 4. Ba4 {[%emt 0:00:04]} Nf6 {[%emt 0:00:06]} 5. O-O {[%emt 0:00:07]} Be7 {[%emt 0:00:33]} 6. d3 {[%emt 0:00:09]} b5 {[%emt 0:00:38]} 7. Bb3 {[%emt 0:00:04]} d6 {[%emt 0:00:06]} 8. c3 {[%emt 0:00:11]} O-O {[%emt 0:00:07]} 9. a4 {[%emt 0:00:12]} Bd7 {[%emt 0:02:18]} 10. Bc2 {[%emt 0:00:44]} Re8 {[%emt 0:01:46]} 11. Re1 {[%emt 0:02:51]} h6 {[%emt 0:05:48]} 12. h3 {[%emt 0:01:12]} Bf8 {[%emt 0:00:20]} 13. Nbd2 {[%emt 0:00:08]} Rb8 {[%emt 0:07:17]} 14. axb5 {[%emt 0:06:24]} axb5 {[%emt 0:00:03]} 15. Nf1 {[%emt 0:00:18]} b4 {[%emt 0:10:39]} 16. Bd2 {[%emt 0:11:46]} d5 {[%emt 0:05:39]} 17. exd5 {[%emt 0:06:41]} Nxd5 {[%emt 0:00:06]} 18. Ng3 {[%emt 0:06:00]} bxc3 {[%emt 0:11:23]} 19. bxc3 {[%emt 0:00:08]} Nb6 {[%emt 0:00:06]} 20. Nh2 {[%emt 0:09:07]} Nd5 {[%emt 0:13:01]} 21. Ng4 {[%emt 0:04:43]} Nf6 {[%emt 0:04:06]} 22. Qf3 {[%emt 0:05:15]} Nxg4 {[%emt 0:04:28]} 23. hxg4 {[%emt 0:00:06]} Rb2 {[%emt 0:01:08]} 24. Rec1 {[%emt 0:00:46]} e4 {[%emt 0:06:48]} 25. Nxe4 {[%emt 0:02:09]} Ne5 {[%emt 0:00:12]} 26. Qg3 {[%emt 0:04:41]} Nxg4 {[%emt 0:00:10]} 27. Bd1 {[%emt 0:23:27]} Rxe4 {[%emt 0:11:36]} 28. dxe4 {[%emt 0:00:38]} Nxf2 {[%emt 0:01:31]} 29. Qxf2 {[%emt 0:09:51]} Rxd2 {[%emt 0:00:02]} 30. Qe3 {[%emt 0:00:07]} Be6 {[%emt 0:07:53]} 31. Bf3 {[%emt 0:00:41]} Be7 {[%emt 0:01:11]} 32. Rd1 {[%emt 0:01:21]} Bg5 {[%emt 0:00:02]} 33. Qc5 {[%emt 0:00:39]} Kh7 {[%emt 0:02:14]} 34. e5 {[%emt 0:04:49]} Bf5 {[%emt 0:01:07]} 35. c4 {[%emt 0:01:38]} Qd3 {[%emt 0:00:18]} 36. Rxd2 {[%emt 0:00:45]} Qxd2 {[%emt 0:00:02]} 37. Kh1 {[%emt 0:00:09]} Be3 {[%emt 0:01:05]} 38. Qe7 {[%emt 0:00:22]} Qf2 {[%emt 0:00:34]} 39. Rd1 {[%emt 0:00:52]} f6 {[%emt 0:01:50]} 0-1

[Event "Sheikh Russel GM 2021"]
[Site "Dhaka"]
[Date "2021.10.23"]
[Round "5.14"]
[White "Pranav Vijay"]
[Black "Koustav Chatterjee"]
[Result "0-1"]
[WhiteElo "2265"]
[BlackElo "2431"]
[Annotator "ChessBase"]
[PlyCount "148"]
[EventDate "2021.10.19"]
[EventType "swiss"]
[EventCountry "BAN"]
[SourceTitle "playchess.com"]
[Source "ChessBase"]
[SourceQuality "1"]
[TimeControl "40/5400+30:1800+30"]

1. e4 {[%emt 0:00:01]} c5 {[%emt 0:05:08]} 2. Nf3 {[%emt 0:00:10]} d6 {[%emt 0:00:06]} 3. d4 {[%emt 0:00:11]} cxd4 {[%emt 0:00:06]} 4. Nxd4 {[%emt 0:00:07]} Nf6 {[%emt 0:00:06]} 5. Nc3 {[%emt 0:00:10]} a6 {[%emt 0:00:06]} 6. Be3 {[%emt 0:00:28]} e5 {[%emt 0:00:08]} 7. Nb3 {[%emt 0:00:08]} Be6 {[%emt 0:00:17]} 8. Qd2 {[%emt 0:00:27]} Nbd7 {[%emt 0:00:17]} 9. f3 {[%emt 0:00:39]} h5 {[%emt 0:00:16]} 10. Be2 {[%emt 0:03:13]} Be7 {[%emt 0:01:39]} 11. O-O {[%emt 0:00:10]} b5 {[%emt 0:06:14]} 12. a4 {[%emt 0:25:42]} b4 {[%emt 0:05:39]} 13. Nd5 {[%emt 0:00:42]} Bxd5 {[%emt 0:04:44]} 14. exd5 {[%emt 0:00:15]} Nb6 {[%emt 0:00:21]} 15. Bxb6 {[%emt 0:02:29]} Qxb6+ {[%emt 0:00:40]} 16. Kh1 {[%emt 0:00:07]} h4 {[%emt 0:30:11]} 17. Bd3 {[%emt 0:21:29]} Nh5 {[%emt 0:06:39]} 18. Qf2 {[%emt 0:00:38]} Qxf2 {[%emt 0:11:34]} 19. Rxf2 {[%emt 0:00:19]} Nf4 {[%emt 0:05:57]} 20. Bc4 {[%emt 0:03:40]} f5 {[%emt 0:04:32]} 21. a5 {[%emt 0:01:31]} Kf7 {[%emt 0:00:43]} 22. Ra4 {[%emt 0:00:44]} Rhb8 {[%emt 0:00:07]} 23. Nc1 {[%emt 0:05:49]} Bd8 {[%emt 0:06:42]} 24. g3 {[%emt 0:00:56]} hxg3 {[%emt 0:01:51]} 25. hxg3 {[%emt 0:00:01]} Nh5 {[%emt 0:00:21]} 26. Kg2 {[%emt 0:00:13]} Rc8 {[%emt 0:01:37]} 27. b3 {[%emt 0:00:38]} Rc5 {[%emt 0:00:46]} 28. Nd3 {[%emt 0:00:11]} Rxa5 {[%emt 0:00:12]} 29. Rxb4 {[%emt 0:00:10]} Ra7 {[%emt 0:01:12]} 30. Rb8 {[%emt 0:00:53]} Bf6 {[%emt 0:00:23]} 31. Rb6 {[%emt 0:04:08]} Rd7 {[%emt 0:00:15]} 32. Rxa6 {[%emt 0:01:54]} Rxa6 {[%emt 0:00:07]} 33. Bxa6 {[%emt 0:00:04]} Ra7 {[%emt 0:00:22]} 34. Bc8 {[%emt 0:01:50]} g6 {[%emt 0:00:30]} 35. Nb4 {[%emt 0:05:04]} Rc7 {[%emt 0:00:57]} 36. Ba6 {[%emt 0:01:21]} Rc3 {[%emt 0:01:00]} 37. Bd3 {[%emt 0:01:32]} Bd8 {[%emt 0:01:47]} 38. Rf1 {[%emt 0:01:32]} Bb6 {[%emt 0:00:44]} 39. Na2 {[%emt 0:07:11]} Rc7 {[%emt 0:00:12]} 40. Bc4 {[%emt 0:00:00]} Bc5 {[%emt 0:00:00]} 41. Nc3 {[%emt 0:02:05]} Rc8 {[%emt 0:07:15]} 42. Rb1 {[%emt 0:04:40]} Ke7 {[%emt 0:02:20]} 43. Nb5 {[%emt 0:02:19]} Ra8 {[%emt 0:01:15]} 44. b4 {[%emt 0:04:26]} Be3 {[%emt 0:01:26]} 45. c3 {[%emt 0:04:18]} f4 {[%emt 0:01:28]} 46. g4 {[%emt 0:01:17]} Ng3 {[%emt 0:00:14]} 47. Bb3 {[%emt 0:02:23]} e4 {[%emt 0:03:30]} 48. c4 {[%emt 0:10:00]} Rh8 {[%emt 0:10:50]} 49. fxe4 {[%emt 0:13:12]} Nxe4 {[%emt 0:00:16]} 50. Ra1 {[%emt 0:00:32]} Ng5 {[%emt 0:01:51]} 51. Rf1 {[%emt 0:02:17]} Rh3 {[%emt 0:03:42]} 52. Bd1 {[%emt 0:00:16]} Rg3+ {[%emt 0:02:55]} 53. Kh2 {[%emt 0:00:01]} Rh3+ {[%emt 0:02:15]} 54. Kg2 {[%emt 0:00:02]} Rg3+ {[%emt 0:00:12]} 55. Kh2 {[%emt 0:00:02]} Ne4 {[%emt 0:01:00]} 56. c5 {[%emt 0:01:03]} dxc5 {[%emt 0:00:16]} 57. bxc5 {[%emt 0:00:02]} Bxc5 {[%emt 0:00:07]} 58. d6+ {[%emt 0:02:52]} Kd8 {[%emt 0:02:47]} 59. Re1 {[%emt 0:00:26]} Nf2 {[%emt 0:00:38]} 60. Rf1 {[%emt 0:00:49]} Rh3+ {[%emt 0:00:36]} 61. Kg2 {[%emt 0:00:01]} Rg3+ {[%emt 0:00:02]} 62. Kh2 {[%emt 0:00:01]} Rd3 {[%emt 0:00:50]} 63. Be2 {[%emt 0:01:27]} Rd2 {[%emt 0:00:02]} 64. Nc3 {[%emt 0:00:40]} Ne4 {[%emt 0:00:25]} 65. Rd1 {[%emt 0:00:28]} Rc2 {[%emt 0:00:33]} 66. Nxe4 {[%emt 0:00:33]} Rxe2+ {[%emt 0:00:03]} 67. Kh3 {[%emt 0:00:11]} Rxe4 {[%emt 0:00:05]} 68. Kh4 {[%emt 0:00:02]} f3 {[%emt 0:00:20]} 69. Rd5 {[%emt 0:00:44]} f2 {[%emt 0:00:07]} 70. Kg3 {[%emt 0:00:37]} f1=Q {[%emt 0:00:10]} 71. Kh2 {[%emt 0:00:04]} Qg1+ {[%emt 0:00:08]} 72. Kh3 {[%emt 0:00:03]} Qxg4+ {[%emt 0:00:05]} 73. Kh2 {[%emt 0:00:01]} Re2+ {[%emt 0:00:05]} 74. Kh1 {[%emt 0:00:01]} Qg2# {[%emt 0:00:05]} 0-1

[Event "Sheikh Russel GM 2021"]
[Site "Dhaka"]
[Date "2021.10.23"]
[Round "5.15"]
[White "Savchenko, Stanislav"]
[Black "Harikrishnan.A.Ra"]
[Result "0-1"]
[WhiteElo "2473"]
[BlackElo "2429"]
[Annotator "ChessBase"]
[PlyCount "73"]
[EventDate "2021.10.19"]
[EventType "swiss"]
[EventCountry "BAN"]
[SourceTitle "playchess.com"]
[Source "ChessBase"]
[SourceQuality "1"]
[TimeControl "40/5400+30:1800+30"]

1. Nf3 {[%emt 0:00:28]} d5 {[%emt 0:00:10]} 2. d4 {[%emt 0:00:41]} Nf6 {[%emt 0:00:05]} 3. c4 {[%emt 0:00:05]} c6 {[%emt 0:00:05]} 4. e3 {[%emt 0:03:01]} e6 {[%emt 0:00:07]} 5. Bd3 {[%emt 0:01:18]} dxc4 {[%emt 0:00:58]} 6. Bxc4 {[%emt 0:00:06]} b5 {[%emt 0:00:13]} 7. Bd3 {[%emt 0:00:43]} Nbd7 {[%emt 0:00:18]} 8. e4 {[%emt 0:05:42]} h6 {[%emt 0:07:13]} 9. O-O {[%emt 0:05:57]} Bb7 {[%emt 0:01:53]} 10. e5 {[%emt 0:06:51]} Nd5 {[%emt 0:00:32]} 11. Nc3 {[%emt 0:00:04]} N7b6 {[%emt 0:14:49]} 12. Ne4 {[%emt 0:05:01]} a6 {[%emt 0:01:11]} 13. Bd2 {[%emt 0:03:47]} Rc8 {[%emt 0:06:54]} 14. Rc1 {[%emt 0:02:17]} Na4 {[%emt 0:11:20]} 15. Rc2 {[%emt 0:15:29]} Nb4 {[%emt 0:01:15]} 16. Bxb4 {[%emt 0:04:46]} Bxb4 {[%emt 0:00:07]} 17. Nc5 {[%emt 0:01:28]} Nxc5 {[%emt 0:06:24]} 18. dxc5 {[%emt 0:00:05]} Qd5 {[%emt 0:03:52]} 19. Qe2 {[%emt 0:10:58]} Qxa2 {[%emt 0:04:37]} 20. Qe4 {[%emt 0:06:07]} a5 {[%emt 0:09:02]} 21. Qg4 {[%emt 0:09:32]} Kf8 {[%emt 0:02:09]} 22. Be4 {[%emt 0:02:35]} Rd8 {[%emt 0:01:39]} 23. Qf4 {[%emt 0:02:00]} Rd7 {[%emt 0:03:18]} 24. g4 {[%emt 0:00:27]} Ke8 {[%emt 0:04:56]} 25. g5 {[%emt 0:03:11]} Qb3 {[%emt 0:03:26]} 26. Nd2 {[%emt 0:07:29]} hxg5 {[%emt 0:02:21]} 27. Qxg5 {[%emt 0:01:06]} Qh3 {[%emt 0:01:39]} 28. Nf3 {[%emt 0:00:01]} Bd2 {[%emt 0:10:20]} 29. Qg3 {[%emt 0:03:12]} Qxg3+ {[%emt 0:00:14]} 30. fxg3 {[%emt 0:00:12]} Be3+ {[%emt 0:01:14]} 31. Kg2 {[%emt 0:00:06]} Ke7 {[%emt 0:00:20]} 32. Re1 {[%emt 0:01:08]} Bh6 {[%emt 0:00:12]} 33. g4 {[%emt 0:00:23]} Bf4 {[%emt 0:00:30]} 34. g5 {[%emt 0:00:29]} g6 {[%emt 0:03:03]} 35. h4 {[%emt 0:00:41]} Rhd8 {[%emt 0:00:30]} 36. b3 {[%emt 0:00:30]} Rd1 {[%emt 0:00:56]} 37. Ree2 {[%emt 0:01:04]} 0-1

[Event "Sheikh Russel GM 2021"]
[Site "Dhaka"]
[Date "2021.10.23"]
[Round "5.16"]
[White "Vignesh N R"]
[Black "Murshed, Niaz"]
[Result "1/2-1/2"]
[WhiteElo "2453"]
[BlackElo "2410"]
[Annotator "ChessBase"]
[PlyCount "47"]
[EventDate "2021.10.19"]
[EventType "swiss"]
[EventCountry "BAN"]
[SourceTitle "playchess.com"]
[Source "ChessBase"]
[SourceQuality "1"]
[TimeControl "40/5400+30:1800+30"]

1. e4 {[%emt 0:00:04]} c5 {[%emt 0:00:08]} 2. Nf3 {[%emt 0:00:08]} e6 {[%emt 0:00:34]} 3. d4 {[%emt 0:00:14]} cxd4 {[%emt 0:00:08]} 4. Nxd4 {[%emt 0:00:04]} Nc6 {[%emt 0:00:06]} 5. Nc3 {[%emt 0:00:06]} Qc7 {[%emt 0:00:07]} 6. Be3 {[%emt 0:00:28]} a6 {[%emt 0:00:07]} 7. g4 {[%emt 0:00:24]} b5 {[%emt 0:07:47]} 8. Nxc6 {[%emt 0:00:22]} Qxc6 {[%emt 0:01:42]} 9. Qd2 {[%emt 0:00:14]} Bb7 {[%emt 0:01:25]} 10. O-O-O {[%emt 0:00:56]} Rd8 {[%emt 0:18:50]} 11. f3 {[%emt 0:10:57]} Ne7 {[%emt 0:05:06]} 12. Qf2 {[%emt 0:20:16]} Ng6 {[%emt 0:03:14]} 13. Ne2 {[%emt 0:07:05]} Rc8 {[%emt 0:18:49]} 14. Nd4 {[%emt 0:00:22]} Qc7 {[%emt 0:00:03]} 15. Nb3 {[%emt 0:09:41]} Bd6 {[%emt 0:08:23]} 16. Bb6 {[%emt 0:01:51]} Qb8 {[%emt 0:01:12]} 17. Kb1 {[%emt 0:04:19]} Be5 {[%emt 0:02:32]} 18. Nc5 {[%emt 0:08:04]} d6 {[%emt 0:00:18]} 19. Nd3 {[%emt 0:02:18]} O-O {[%emt 0:00:55]} 20. h4 {[%emt 0:01:21]} Nf4 {[%emt 0:05:01]} 21. Ba7 {[%emt 0:09:56]} Qc7 {[%emt 0:02:05]} 22. Bb6 {[%emt 0:00:01]} Qb8 {[%emt 0:04:07]} 23. Ba7 {[%emt 0:03:55]} Qc7 {[%emt 0:01:00]} 24. Bb6 {[%emt 0:00:04]} 1/2-1/2

[Event "Sheikh Russel GM 2021"]
[Site "Dhaka"]
[Date "2021.10.23"]
[Round "5.17"]
[White "Hossain, Enamul"]
[Black "Aronyak Ghosh"]
[Result "1/2-1/2"]
[WhiteElo "2396"]
[BlackElo "2445"]
[Annotator "ChessBase"]
[PlyCount "67"]
[EventDate "2021.10.19"]
[EventType "swiss"]
[EventCountry "BAN"]
[SourceTitle "playchess.com"]
[Source "ChessBase"]
[SourceQuality "1"]
[TimeControl "40/5400+30:1800+30"]

1. c4 {[%emt 0:00:05]} c6 {[%emt 0:04:06]} 2. Nf3 {[%emt 0:00:38]} d5 {[%emt 0:00:59]} 3. d4 {[%emt 0:00:41]} e6 {[%emt 0:01:13]} 4. Qb3 {[%emt 0:05:32]} dxc4 {[%emt 0:00:07]} 5. Qxc4 {[%emt 0:00:03]} b5 {[%emt 0:00:06]} 6. Qd3 {[%emt 0:01:24]} Nf6 {[%emt 0:00:18]} 7. g3 {[%emt 0:00:39]} Bb7 {[%emt 0:03:21]} 8. Bg2 {[%emt 0:00:45]} Nbd7 {[%emt 0:00:43]} 9. O-O {[%emt 0:01:55]} a6 {[%emt 0:04:07]} 10. a4 {[%emt 0:03:47]} Be7 {[%emt 0:04:45]} 11. Bg5 {[%emt 0:04:53]} O-O {[%emt 0:21:43]} 12. Nc3 {[%emt 0:05:36]} Rc8 {[%emt 0:05:12]} 13. Rfd1 {[%emt 0:06:32]} b4 {[%emt 0:06:49]} 14. Bxf6 {[%emt 0:00:59]} gxf6 {[%emt 0:01:45]} 15. Ne4 {[%emt 0:14:37]} f5 {[%emt 0:02:38]} 16. Nc5 {[%emt 0:00:49]} Nxc5 {[%emt 0:03:37]} 17. dxc5 {[%emt 0:00:08]} Qxd3 {[%emt 0:00:54]} 18. Rxd3 {[%emt 0:00:03]} Rfd8 {[%emt 0:00:05]} 19. Rad1 {[%emt 0:04:36]} Rxd3 {[%emt 0:01:41]} 20. Rxd3 {[%emt 0:00:01]} Rc7 {[%emt 0:00:14]} 21. Ne5 {[%emt 0:02:50]} Bxc5 {[%emt 0:02:21]} 22. Rd8+ {[%emt 0:00:09]} Kg7 {[%emt 0:00:04]} 23. Nc4 {[%emt 0:01:10]} Bc8 {[%emt 0:01:48]} 24. b3 {[%emt 0:01:36]} Be7 {[%emt 0:01:42]} 25. Re8 {[%emt 0:04:39]} e5 {[%emt 0:12:57]} 26. Nxe5 {[%emt 0:05:17]} Be6 {[%emt 0:02:05]} 27. Nxc6 {[%emt 0:01:00]} Bc5 {[%emt 0:00:04]} 28. Rb8 {[%emt 0:02:23]} Rd7 {[%emt 0:03:34]} 29. Bf3 {[%emt 0:05:16]} Bxb3 {[%emt 0:02:04]} 30. Nxb4 {[%emt 0:01:15]} Bd6 {[%emt 0:00:04]} 31. Rb6 {[%emt 0:00:23]} Bc5 {[%emt 0:00:04]} 32. Rb8 {[%emt 0:06:58]} Bd6 {[%emt 0:00:04]} 33. Rb6 {[%emt 0:02:55]} Bc5 {[%emt 0:00:01]} 34. Rb8 {[%emt 0:02:44]} 1/2-1/2

[Event "Sheikh Russel GM 2021"]
[Site "Dhaka"]
[Date "2021.10.23"]
[Round "5.18"]
[White "Malakhatko, Vadim"]
[Black "Shahil Dey"]
[Result "1/2-1/2"]
[WhiteElo "2444"]
[BlackElo "2398"]
[Annotator "ChessBase"]
[PlyCount "153"]
[EventDate "2021.10.19"]
[EventType "swiss"]
[EventCountry "BAN"]
[SourceTitle "playchess.com"]
[Source "ChessBase"]
[SourceQuality "1"]
[TimeControl "40/5400+30:1800+30"]

1. d4 {[%emt 0:00:04]} d5 {[%emt 0:00:09]} 2. c4 {[%emt 0:00:08]} c6 {[%emt 0:00:22]} 3. Nf3 {[%emt 0:00:15]} Nf6 {[%emt 0:00:04]} 4. Qb3 {[%emt 0:00:09]} e6 {[%emt 0:01:09]} 5. Bg5 {[%emt 0:00:29]} Be7 {[%emt 0:00:05]} 6. e3 {[%emt 0:01:46]} h6 {[%emt 0:01:17]} 7. Bh4 {[%emt 0:00:07]} O-O {[%emt 0:02:13]} 8. Nc3 {[%emt 0:00:17]} Nbd7 {[%emt 0:03:25]} 9. Be2 {[%emt 0:03:36]} b6 {[%emt 0:04:33]} 10. O-O {[%emt 0:03:13]} Bb7 {[%emt 0:01:00]} 11. cxd5 {[%emt 0:16:10]} exd5 {[%emt 0:00:40]} 12. Nd2 {[%emt 0:06:27]} Re8 {[%emt 0:06:31]} 13. Qc2 {[%emt 0:11:20]} Rc8 {[%emt 0:05:34]} 14. Rad1 {[%emt 0:06:52]} a6 {[%emt 0:19:52]} 15. Qb1 {[%emt 0:07:52]} c5 {[%emt 0:09:08]} 16. dxc5 {[%emt 0:07:10]} bxc5 {[%emt 0:00:36]} 17. Nb3 {[%emt 0:13:44]} Qb6 {[%emt 0:01:43]} 18. Bg3 {[%emt 0:00:07]} Bd6 {[%emt 0:05:49]} 19. Bxd6 {[%emt 0:07:44]} Qxd6 {[%emt 0:00:03]} 20. Qf5 {[%emt 0:00:54]} Qb6 {[%emt 0:05:06]} 21. Rd2 {[%emt 0:00:40]} Ne5 {[%emt 0:05:34]} 22. Rfd1 {[%emt 0:04:37]} Qb4 {[%emt 0:06:13]} 23. Qc2 {[%emt 0:00:47]} Qh4 {[%emt 0:04:38]} 24. h3 {[%emt 0:03:46]} d4 {[%emt 0:04:35]} 25. exd4 {[%emt 0:00:12]} cxd4 {[%emt 0:00:05]} 26. Rxd4 {[%emt 0:01:46]} Qg5 {[%emt 0:00:09]} 27. g3 {[%emt 0:00:16]} Nf3+ {[%emt 0:00:42]} 28. Bxf3 {[%emt 0:00:05]} Bxf3 {[%emt 0:00:04]} 29. Rf1 {[%emt 0:00:34]} Nd5 {[%emt 0:06:11]} 30. Qd2 {[%emt 0:01:11]} Nxc3 {[%emt 0:00:59]} 31. bxc3 {[%emt 0:00:05]} Qb5 {[%emt 0:00:45]} 32. c4 {[%emt 0:02:42]} Rxc4 {[%emt 0:01:32]} 33. Qf4 {[%emt 0:00:20]} Rc3 {[%emt 0:01:02]} 34. Qd2 {[%emt 0:00:56]} Rcc8 {[%emt 0:00:32]} 35. Qf4 {[%emt 0:00:35]} Ba8 {[%emt 0:00:19]} 36. Nd2 {[%emt 0:00:17]} Rc2 {[%emt 0:01:25]} 37. a4 {[%emt 0:00:52]} Qc6 {[%emt 0:01:23]} 38. f3 {[%emt 0:00:05]} Rc1 {[%emt 0:00:52]} 39. Rxc1 {[%emt 0:00:45]} Qxc1+ {[%emt 0:00:01]} 40. Nf1 {[%emt 0:00:00]} Qc5 {[%emt 0:00:00]} 41. Qd6 {[%emt 0:01:11]} Qc3 {[%emt 0:03:20]} 42. Rd3 {[%emt 0:01:27]} Qc4 {[%emt 0:02:23]} 43. a5 {[%emt 0:15:25]} Qb5 {[%emt 0:02:14]} 44. g4 {[%emt 0:05:24]} Qxa5 {[%emt 0:00:51]} 45. Ra3 {[%emt 0:00:09]} Qb5 {[%emt 0:11:46]} 46. Qxa6 {[%emt 0:03:53]} Qc5+ {[%emt 0:00:07]} 47. Kg2 {[%emt 0:00:08]} Bd5 {[%emt 0:01:01]} 48. Re3 {[%emt 0:05:49]} Rb8 {[%emt 0:00:55]} 49. Qe2 {[%emt 0:01:00]} Bc6 {[%emt 0:00:58]} 50. Qd2 {[%emt 0:00:54]} h5 {[%emt 0:01:35]} 51. Rc3 {[%emt 0:00:40]} Qb5 {[%emt 0:00:10]} 52. Qc2 {[%emt 0:00:35]} Rc8 {[%emt 0:01:17]} 53. Qd2 {[%emt 0:00:49]} Re8 {[%emt 0:02:03]} 54. Kf2 {[%emt 0:00:10]} Bb7 {[%emt 0:01:27]} 55. Re3 {[%emt 0:00:29]} Rc8 {[%emt 0:00:03]} 56. Rc3 {[%emt 0:00:44]} Qb6+ {[%emt 0:00:49]} 57. Kg2 {[%emt 0:00:27]} Ra8 {[%emt 0:00:46]} 58. gxh5 {[%emt 0:00:37]} Qe6 {[%emt 0:00:21]} 59. Re3 {[%emt 0:00:37]} Qc4 {[%emt 0:00:50]} 60. Rc3 {[%emt 0:00:16]} Qh4 {[%emt 0:02:38]} 61. Nh2 {[%emt 0:00:36]} Qxh5 {[%emt 0:00:28]} 62. Rd3 {[%emt 0:00:29]} Qg6+ {[%emt 0:01:31]} 63. Ng4 {[%emt 0:00:25]} Qf5 {[%emt 0:01:17]} 64. Kg3 {[%emt 0:01:21]} Re8 {[%emt 0:00:31]} 65. Re3 {[%emt 0:00:00]} Rc8 {[%emt 0:00:12]} 66. Rc3 {[%emt 0:00:00]} Ra8 {[%emt 0:00:26]} 67. Rd3 {[%emt 0:00:00]} Kh7 {[%emt 0:00:42]} 68. Rb3 {[%emt 0:00:17]} Ba6 {[%emt 0:02:03]} 69. Rb6 {[%emt 0:00:29]} Bc4 {[%emt 0:01:01]} 70. Rc6 {[%emt 0:00:36]} Be6 {[%emt 0:01:21]} 71. Qc2 {[%emt 0:00:08]} Ra3 {[%emt 0:00:08]} 72. Qxf5+ {[%emt 0:00:16]} Bxf5 {[%emt 0:00:02]} 73. Rc7 {[%emt 0:01:22]} Be6 {[%emt 0:00:11]} 74. Kf2 {[%emt 0:00:40]} Bd5 {[%emt 0:00:09]} 75. Ne3 {[%emt 0:00:12]} Be6 {[%emt 0:00:07]} 76. Ng4 {[%emt 0:00:20]} Kg6 {[%emt 0:00:32]} 77. Rc5 {[%emt 0:00:09]} 1/2-1/2